Computer concepts./ (Record no. 2834)

MARC details
000 -LEADER
fixed length control field 00887nam a22001937a 4500
008 - FIXED-LENGTH DATA ELEMENTS--GENERAL INFORMATION
fixed length control field 140410b xxu||||| |||| 00| 0 eng d
020 ## - INTERNATIONAL STANDARD BOOK NUMBER
International Standard Book Number 9780324788921
050 ## - LIBRARY OF CONGRESS CALL NUMBER
Classification number QA76
Item number .P25
100 ## - MAIN ENTRY--PERSONAL NAME
Personal name Parsons, June Jamrich
245 ## - TITLE STATEMENT
Title Computer concepts./
Statement of responsibility, etc. June Jamrich Parsons and Dan Oja
250 ## - EDITION STATEMENT
Edition statement 7th ed.
260 ## - PUBLICATION, DISTRIBUTION, ETC.
Place of publication, distribution, etc. USA.
Name of publisher, distributor, etc. Course technology.
Date of publication, distribution, etc. 2010.
300 ## - PHYSICAL DESCRIPTION
Extent Xxiv,344 p.:
Other physical details ill.
Dimensions 27cm.
Accompanying material cd.
500 ## - GENERAL NOTE
General note Includes glossary and index.
505 ## - FORMATTED CONTENTS NOTE
Formatted contents note Contents: Computer and Internet Basics -- Computer hardware -- Computer software -- Digital electronic and file management -- Networks and the Internet -- Data Security -- The Web and E-commerce -- Digital media -- The Computer industry and careers -- Buyer's guide worksheets -- Visualtour of windows vista and microsoft office 2007 -- Trends in technology.
650 ## - SUBJECT ADDED ENTRY--TOPICAL TERM
Topical term or geographic name entry element Computer.
700 ## - ADDED ENTRY--PERSONAL NAME
Personal name Oja Dan.
942 ## - ADDED ENTRY ELEMENTS (KOHA)
Source of classification or shelving scheme Library of Congress Classification
Koha item type Books
Holdings
Withdrawn status Lost status Source of classification or shelving scheme Damaged status Not for loan Home library Current library Shelving location Date acquired Total Checkouts Full call number Barcode Date last seen Copy number Price effective from Koha item type
    Library of Congress Classification     WISCONSIN INTERNATIONAL UNIVERSITY COLLEGE, GHANA - MAIN LIBRARY WISCONSIN INTERNATIONAL UNIVERSITY COLLEGE, GHANA - MAIN LIBRARY CC 10/04/2014   QA76 .P25 854/045/13 10/04/2014 1 10/04/2014 Books

If you have any concerns or questions; kindly contact the library


© Powered by WIUC ICT DIRECTORATE